000 00644nam a22001937a 4500
005 20100804135632.0
010 _aENG-98022
020 _a9789380032429
_c250.00
035 _aEN-81555
037 _bDBAD/PUB
082 _aN
100 _aSharma, Parul
_96044
245 _aBringing up Vasu :
_bthat first year
_cby Parul Sharma
260 _aChennai
_bWestland Ltd
_c2009
270 _a571, Poonamallee High Road, Kamaraj Bhavan Aminijikarai
_bChennai
_e600029
300 _a262p.
_c19cm (pbk)
942 _2ddc
_cEN
_hN
_mSHA
999 _c39231
_d39231